| 000 | 00565nam a2200205Ia 4500 | ||
|---|---|---|---|
| 005 | 20230510104206.0 | ||
| 008 | 131103s9999 xx 000 0 und d | ||
| 020 |
_a818558947X _cRs.795.00 |
||
| 040 | _aLoreto College | ||
| 041 | _aEnglish | ||
| 082 |
_a333.7 _bKUL |
||
| 100 | _aKulkarni,Vijay | ||
| 245 |
_aEnvironmental management _cVijay Kulkarni and T.V.Ramachandra |
||
| 260 |
_aNew Delhi _bCapital Publishing Company _c2006 |
||
| 300 | _axvi,367p | ||
| 650 | _aEnvironmental Sciences | ||
| 700 | _aRamachandra, T.V. | ||
| 850 | _aLCLIB | ||
| 942 | _cBK | ||
| 999 |
_c36156 _d86635 |
||